Statistics for Can you name the Super Smash Bros/Flash Characters?

Click here to take the quiz!

General Stats

  • This quiz has been taken 51 times
  • The average score is 82 of 98

Answer Stats

HintAnswer% Correct
Mario SeriesMario
100%
Luigi
97%
Peach
97%
WarioWareWario
97%
Bowser
94%
Bowser Jr
94%
Diddy Kong
94%
Donkey Kong SeriesDonkey Kong
94%
Mega-ManMega-Man
94%
YoshiYoshi
94%
Daisy
91%
Dr. Mario
91%
Ken
91%
King Dedede
91%
KirbyKirby
91%
Knuckles
91%
Legend of Zelda SeriesLink
91%
Meta Knight
91%
Game & WatchMr. Game and Watch
91%
Pichu
91%
Kid IcarusPit
91%
Sonic the HedgehogSonic
91%
Toon Link
91%
Young Link
91%
Zelda
91%
Final FantasyCloud
89%
Dark Pit
89%
Falco
89%
StarfoxFox
89%
King K Rool
89%
Palutena
89%
PokemonPikachu
89%
Ridley
89%
R.O.B.R.O.B.
89%
Rosalina
89%
MetroidSamus
89%
Shadow
89%
Sheik
89%
Tails
89%
Animal CrossingVillager
89%
Wii FitWii Fit Trainer
89%
Zero Suit Samus
89%
Zero Suit Samus
89%
BayonettaBayonetta
86%
Charizard
86%
Duck HuntDuck Hunt
86%
Ganondorf
86%
Dragon BallGoku
86%
Ice ClimberIce Climbers
86%
SplatoonInkling
86%
Isabelle
86%
Punch-OutLittle Mac
86%
Lucario
86%
Mewtwo
86%
Mii Brawler
86%
PikminOlimar
86%
Pac-ManPac-Man
86%
RaymanRayman
86%
CastlevaniaSimon
86%
Metal Gear SolidSnake
86%
Waluigi
86%
Wolf
86%
BombermanBomberman
83%
F-ZeroCaptain Falcon
83%
Chibi-RoboChibi-Robo
83%
Ivysaur
83%
Lucas
83%
Lucina
83%
Fire EmblemMarth
83%
MiiMii Gunner
83%
Mii Swordfighter
83%
NarutoNaruto
83%
EarthboundNess
83%
Roy
83%
Street FighterRyu
83%
Xenoblade ChroniclesShulk
83%
Kingdom HeartSora
83%
Squirtle
83%
Chrom
80%
Corrin
80%
The IncrediblesMr. Incredible
80%
Richter
80%
Robin
80%
Bandana Dee
77%
Ike
77%
Incineroar
77%
Jigglypuff
77%
Greninja
71%
Piranha Plant
71%
Krystal
69%
One PieceLuffy
66%
ChronoChrono
63%
Zero
63%
Golden SunIsaac
57%
Black Mage
46%
BleachIchigo
46%
InuYashaInuYasha
46%
TalesLloyd
40%

Score Distribution

Percentile by Number Answered

Percent of People with Each Score

Your Score History

You have not taken this quiz